Plan para la modernización de la planta externa

Uloženo v:
Podrobná bibliografie
Hlavní autor: Arias Solé, Andrés
Další autoři: Valverde Canossa, César
Médium: Kniha
Vydáno: San José, C.R. 1997
Témata:
Tagy: Přidat tag
Žádné tagy, Buďte první, kdo vytvoří štítek k tomuto záznamu!

MARC

LEADER 00000nam a2200000Ia 4500
003 008184
005 20221231144231.0
008 140114s1997 cr a m 000 ||s d
040 |c cru CEDI 
090 |a TFG 3650 
100 |a Arias Solé, Andrés  |9 9463 
245 |a Plan para la modernización de la planta externa 
260 |c 1997  |a  San José, C.R. 
300 |a vi, 86 hojas : ilustraciones (algunas a color)  
500 |a  Proyecto de graduación (licenciatura en ingeniería eléctrica)--Universidad de Costa Rica. Facultad de Ingeniería. Escuela de Ingeniería Eléctrica 
650 |x REDES DE TELECOMUNICACIONES   |x TELECOMUNICACIONES  |9 9464 
700 |a Valverde Canossa, César  |9 9465 
942 |c TFG 
999 |c 18829  |d 18829